Państwa leżące na kilku kontynentach - Statystyki

Ogólne statystyki
  • Ten quiz został rozwiązany 316 razy
    294 od ostatniego zresetowania
  • Średni wynik to 4 z 6
Statystyki odpowiedzi
Odpowiedź % Poprawnych
2 Rosja
99%
4 Turcja
89%
3 Kazachstan
67%
5 Egipt
66%
1 Panama
53%
6 Indonezja
45%
Nie znaleziono quizów pasujących do podanych kryteriów
Rozkład punktacji
Procent ludzi z każdym wynikiem
Percentyl według liczby udzielonych odpowiedzi
Twoja historia wyników
Nie rozwiązałeś tego quizu od ostatniego zresetowania